| 000 | 00904nam a2200277 i 4500 | ||
|---|---|---|---|
| 001 | 000019329 | ||
| 003 | DO-SdBNP | ||
| 005 | 20230524154431.0 | ||
| 007 | ta | ||
| 008 | 951213s1995 sp b 000 0 spa | ||
| 010 | _a 95234055 | ||
| 020 | _a842393876X | ||
| 040 |
_aDO-SdBNP _cBNPHU _erda _bspa |
||
| 082 | 4 |
_a862.62 _222 |
|
| 100 | 1 |
_aValle-Inclán, Ramón del, _d1866-1936. _93325 _eautor |
|
| 245 | 1 | 0 |
_aTablado de marionetas : _bpara educación de príncipes / _cRamón del Valle-Inclán ; edición crítica de Jorge Urrutia. |
| 264 |
_aMadrid : _bEspasa Calpe, _c1995. |
||
| 300 |
_a330 páginas ; _c21 cm. |
||
| 336 |
_2rdacontent _atexto _btxt |
||
| 337 |
_2rdamedia _asin mediación _bn |
||
| 338 |
_2rdacarrier _avolumen _bnc |
||
| 490 |
_aClásicos Castellanos ; _v36 |
||
| 504 | _aBibliográfia : p. 45-48. | ||
| 700 | 1 |
_aUrrutia, Jorge, _915594 _eedición crítica |
|
| 942 |
_2ddc _cLBS1 |
||
| 999 |
_c18846 _d18846 |
||